000 00420nam a2200181Ia 4500
001 2745
005 20260306144829.0
008 260306t1992||||xx |||||||||||||| ||spa||
041 _aESP
082 _a221
_bV37
100 _aVaux, R. de
_eAUT
245 0 _aInstituciones del antiguo testamento
260 _c1992
300 _a771 páginas :
_c22 cm.
650 _aGEN
654 _aCHU
942 _cLIB
_dJUS
_fJUS
_2ddc
_n
999 _c2745
_d2745